Personnages de Disney, de A à Z - Statistiques

Statistiques générales
  • Ce quiz a été pris 255 fois
  • Le résultat moyen est 16 sur 25
Statistiques - réponses
Indices Réponses % Correct
Jeune fille à la poursuite d'un lapin blanc Alice
99%
Capitaine effrayé par un crocodile Crochet
92%
Parmi les 7 nains, il est le plus souvent mécontent Grincheux
91%
Oncle de 3 neveux, particulièrement caracteriel Donald
79%
Petite hawaïenne, soeur de Nani Lilo
79%
Amie d'enfance et compagne à venir du fils de Mufasa Nala
78%
Navigatrice dans l'âme, elle sera aidée dans sa quête par le demi dieu Maui Vaiana
78%
Partie étudier les gorilles dans la jungle, elle y rencontrera un homme sauvage Jane
77%
Habitant Notre Dame, il en est le sonneur de cloche Quasimodo
76%
Jeune renard se liant d'amitié avec un chien de chasse Rox
73%
Renne accompagnant Kristoff dans ses aventures Sven
70%
En quête de vengeance, elle cherche à s'emparer du trident du Roi Triton Ursula
70%
Antagoniste complotant pour s'emparer de l'Olympe Hadès
67%
Python particulièrement doué en hypnose Kaa
64%
Aînée des enfants Darling, jeune fille londonienne Wendy
62%
Autrefois humain, transformé en horloge de cheminée Big Ben
54%
Oiseau de compagnie du vizir d'Agrabah Iago
53%
Tigre bondissant résidant la forêt des rêves bleus Tigrou
52%
Chaton new-yorkais inspiré d'une oeuvre de Dickens Oliver
48%
Ce Calao bavard et à cheval sur les regles est le majordome des rois de la Terre des lions Zazu
45%
Dragon animé dans un film en prise de vue réelle Elliot
40%
Conseillère de l'empereur Kuzco,complote pour se débarrasser de ce dernier Yzma
39%
Felin de compagnie de Gepetto Figaro
38%
Ours allié du héros dans sa lutte contre le shérif de Nottingham Petit Jean
38%
Sorcière ennemie de Merlin l'enchanteur Madame Mim
31%
Aucun quiz correspondant
Distribution des résultats
% des personnes avec chaque résultat
Percentile par nombre de réponses
Votre historique - résultats
Vous n’avez pas pris ce quiz